000 00647nam a2200229Ia 4500
003 OSt
005 20220925174202.0
006 a|||||r|||| 00| 0
007 ta
008 220923b |||||||| |||| 00| 0 eng d
037 _cGeneral Book
040 _aRTL
_cRTL
_beng
041 _2eng
_aeng
082 _aX9(E131).2.N90<N89r, N/GD
110 _aINDIAN ALUMINIUM CO. LTD
_9246199
245 0 _aAnnual report 1989-90.
260 _aCalcutta
_bINDAL
_c1990
300 _a35p.
_ccm.
700 _aINDIAN ALUMINIUM CO. LTD
_9246200
942 _hX9(E131).2.N90<N89r, N/GD
_cGB
_2CC
999 _c490266
_d490266